Учет влияния космических шумов на число метеоров, обнаруженных радиолокатором; Известия Томского политехнического института [Известия ТПИ]; Т. 100

Dades bibliogràfiques
Parent link:Известия Томского политехнического института [Известия ТПИ]/ Томский политехнический институт (ТПИ).— , 1944-1976
Т. 100.— 1962.— [С. 128-133]
Autor principal: Глазов Г. Н.
Sumari:Заглавие с титульного листа
Электронная версия печатной публикации
Idioma:rus
Publicat: 1962
Matèries:
Accés en línia:http://www.lib.tpu.ru/fulltext/v/Bulletin_TPU/1962/v100/15.pdf
Format: MixedMaterials Electrònic Capítol de llibre
KOHA link:https://koha.lib.tpu.ru/cgi-bin/koha/opac-detail.pl?biblionumber=191451

MARC

LEADER 00000nla2a2200000 4500
001 191451
005 20231031180719.0
035 |a (RuTPU)RU\TPU\book\208752 
035 |a RU\TPU\book\208751 
090 |a 191451 
100 |a 20110204d1962 k y0rusy50 ca 
101 0 |a rus 
102 |a RU 
135 |a drnn ---uucaa 
181 0 |a i  
182 0 |a b 
200 1 |a Учет влияния космических шумов на число метеоров, обнаруженных радиолокатором  |b Электронный ресурс  |f Г. Н. Глазов 
203 |a Текст  |c электронный 
215 |a 1 файл (5.3 Мб) 
230 |a Электронные текстовые данные (1 файл : 5.3 Мб) 
300 |a Заглавие с титульного листа 
300 |a Электронная версия печатной публикации 
320 |a [Библиогр.: с. 133 (7 назв.)] 
337 |a Adobe Reader 
461 1 |0 (RuTPU)RU\TPU\book\200995  |t Известия Томского политехнического института [Известия ТПИ]  |f Томский политехнический институт (ТПИ)  |d 1944-1976 
463 1 |0 (RuTPU)RU\TPU\book\208734  |t Т. 100  |v [С. 128-133]  |d 1962  |p 200 с. 
610 1 |a электронный ресурс 
610 1 |a труды учёных ТПУ 
700 1 |a Глазов  |b Г. Н. 
801 1 |a RU  |b 63413507  |c 20090320  |g PSBO 
801 2 |a RU  |b 63413507  |c 20111001  |g PSBO 
856 4 |u http://www.lib.tpu.ru/fulltext/v/Bulletin_TPU/1962/v100/15.pdf 
942 |c CF